گیت ہی گیت / (Record no. 42513)

MARC details
000 -LEADER
fixed length control field 00822nam a22002417a 4500
005 - DATE AND TIME OF LATEST TRANSACTION
control field 20100819113926.0
008 - FIXED-LENGTH DATA ELEMENTS--GENERAL INFORMATION
fixed length control field 090109t xxu||||| |||| 00| 0urd d
010 ## - LCCN (DPL NO)
LC control number UR-7778
020 ## - INTERNATIONAL STANDARD BOOK NUMBER
Terms of availability 200.00
035 ## - SYSTEM CONTROL NUMBER
System control number U-6333
040 ## - CATALOGING SOURCE
Original cataloging agency dpl
Language of cataloging urd
082 ## - DEWEY DECIMAL CLASSIFICATION NUMBER
Classification number 841
100 ## - MAIN ENTRY--PERSONAL NAME
9 (RLIN) 12785
Personal name اطیب اعجاز
245 ## - TITLE STATEMENT
Title گیت ہی گیت /
Statement of responsibility, etc اطیب اعجاز
246 ## - VARYING FORM OF TITLE
Title proper/short title Geet Hi Geet /
Remainder of title by Atyab Aijaz
260 ## - PUBLICATION, DISTRIBUTION, ETC. (IMPRINT)
Place of publication, distribution, etc حیدرآباد
Date of publication, distribution, etc 2008
Name of publisher, distributor, etc اطیب پبلشنگ ہاؤس
270 ## - ADDRESS
Address 241/9-10, Resala Bazar, Golcanda Fort
City Hyderabad
Postal code 500008
300 ## - PHYSICAL DESCRIPTION
Extent 200 ص
Dimensions 22 س م (Hb)
650 ## - SUBJECT ADDED ENTRY--TOPICAL TERM
Source of heading or term critisim
9 (RLIN) 12786
700 ## - ADDED ENTRY--PERSONAL NAME
9 (RLIN) 13044
942 ## - ADDED ENTRY ELEMENTS (KOHA)
Source of classification or shelving scheme Dewey Decimal Classification
Item type Urdu Bks
Classification part 841
Call number suffix ا ط ی
Holdings
Withdrawn status Lost status Source of classification or shelving scheme Damaged status Not for loan Collection code Home library Current library Date acquired Source of acquisition Cost, normal purchase price Total Checkouts Full call number Barcode Date last seen Copy number Cost, replacement price Koha item type
    Dewey Decimal Classification   Not For Loan Non-fiction D.B.Act.Division D.B.Act.Division 19/08/2010 DBAD/PUB 200.00   841 ا ط ی U-6333 19/08/2010 1 200.00 Urdu Bks

© Delhi Public Library
Hit Counter
free hit counter